[Event "2. Bundesliga West 2018/19"]
[Site "Kufstein; NMS II, Sporthalle Fischergries"]
[Date "2019.02.09"]
[Round "7"]
[Board "1"]
[White "Rusche, Johannes"]
[Black "Eybl, Alexander"]
[Result "1-0"]
[WhiteElo "2289"]
[BlackElo "2289"]
[PlyCount "63"]
[EventDate "2018.10.12"]
[EventType "team"]
[EventRounds "11"]
[EventCountry "AUT"]
[WhiteTeam "Kufstein/Woergl"]
[BlackTeam "Pradl"]

1. e4 c5 2. c3 Nf6 3. e5 Nd5 4. Nf3 e6 5. Bc4 d6 6. d4 cxd4 7. cxd4 Be7 8. O-O
Nc6 9. Re1 O-O 10. exd6 Bxd6 11. Nc3 Nxc3 12. bxc3 Qc7 13. Bd3 Bd7 14. Qe2 Ne7
15. c4 Ng6 16. g3 Bb4 17. Rd1 Ba4 18. Rf1 Bc6 19. Bb2 b6 20. Ng5 Be7 21. Qh5
Bxg5 22. Qxg5 Qe7 23. Qe3 Qb7 24. h4 Rfe8 25. h5 Nf8 26. h6 f5 27. Rfe1 Ng6 28.
d5 exd5 29. Qd4 Qf7 30. Bxf5 Nf8 31. Qxg7+ Qxg7 32. hxg7  1-0

[Event "2. Bundesliga West 2018/19"]
[Site "Kufstein; NMS II, Sporthalle Fischergries"]
[Date "2019.02.09"]
[Round "7"]
[Board "2"]
[White "Wohlfahrt, Herbert"]
[Black "Neuschmied, Siegfried"]
[Result "1-0"]
[WhiteElo "2262"]
[BlackElo "2284"]
[PlyCount "85"]
[EventDate "2018.10.12"]
[EventType "team"]
[EventRounds "11"]
[EventCountry "AUT"]
[WhiteTeam "Pradl"]
[BlackTeam "Kufstein/Woergl"]

1. d4 Nf6 2. Nf3 d5 3. c4 e6 4. Nc3 a6 5. c5 b6 6. cxb6 cxb6 7. Bf4 Bd6 8. Bxd6
Qxd6 9. e3 Nbd7 10. Bd3 Bb7 11. O-O O-O 12. Rc1 Rfe8 13. Qe2 e5 14. dxe5 Nxe5
15. Nd4 Neg4 16. g3 g6 17. Rfd1 Re7 18. Qf3 Ne5 19. Qf4 Nh5 20. Qh4 Nxd3 21.
Rxd3 Nf6 22. Qf4 Qxf4 23. gxf4 Rc8 24. Nce2 Rxc1+ 25. Nxc1 Rc7 26. Nce2 Kf8 27.
Rc3 Rxc3 28. Nxc3 Ke7 29. f3 Kd6 30. Kf2 Bc8 31. Ke2 Bd7 32. Kd3 Bh3 33. b4
Bf1+ 34. Kd2 Bc4 35. a3 Ne8 36. e4 dxe4 37. fxe4 f6 38. Ke3 b5 39. e5+ Ke7 40.
Ne4 fxe5 41. Nc6+ Ke6 42. Nc5+ Kd5 {Rest nicht lesbar} 43. Nxe5  1-0

[Event "2. Bundesliga West 2018/19"]
[Site "Kufstein; NMS II, Sporthalle Fischergries"]
[Date "2019.02.09"]
[Round "7"]
[Board "3"]
[White "Blaskowski, Johannes"]
[Black "Meier, Alexander"]
[Result "1/2-1/2"]
[WhiteElo "2301"]
[BlackElo "2232"]
[PlyCount "62"]
[EventDate "2018.10.12"]
[EventType "team"]
[EventRounds "11"]
[EventCountry "AUT"]
[WhiteTeam "Kufstein/Woergl"]
[BlackTeam "Pradl"]

1. e4 c5 2. Nf3 g6 3. d4 cxd4 4. Nxd4 Bg7 5. Nc3 Nc6 6. Be3 Nf6 7. Bc4 O-O 8.
Bb3 d6 9. f3 Bd7 10. Qd2 Nxd4 11. Bxd4 b5 12. O-O a5 13. a4 b4 14. Nb5 Qb8 15.
Bc4 Rc8 16. Be2 Be6 17. b3 d5 18. e5 Nd7 19. f4 Bf5 20. Rac1 Nc5 21. Qe3 Ne6
22. c4 dxc4 23. Bxc4 Qb7 24. Bb2 Rd8 25. Nd4 Nxd4 26. Bxd4 e6 27. Rfe1 Bf8 28.
Rcd1 Rac8 29. Bb6 Rxd1 30. Rxd1 Be4 31. Rd2 Rc6  1/2-1/2

[Event "2. Bundesliga West 2018/19"]
[Site "Kufstein; NMS II, Sporthalle Fischergries"]
[Date "2019.02.09"]
[Round "7"]
[Board "4"]
[White "Everett, Elijah"]
[Black "Maurer, Jochen"]
[Result "0-1"]
[WhiteElo "2232"]
[BlackElo "2213"]
[PlyCount "56"]
[EventDate "2018.10.12"]
[EventType "team"]
[EventRounds "11"]
[EventCountry "AUT"]
[WhiteTeam "Pradl"]
[BlackTeam "Kufstein/Woergl"]

1. e4 c5 2. Nf3 e6 3. d4 cxd4 4. Nxd4 Nc6 5. Nc3 Qc7 6. g3 a6 7. Bg2 d6 8. O-O
Bd7 9. Re1 Nf6 10. Nxc6 bxc6 11. Na4 Rb8 12. c4 c5 13. Nc3 Be7 14. Bf4 e5 15.
Bc1 O-O 16. b3 h6 17. f4 exf4 18. Bxf4 Rbd8 19. Qc2 Rfe8 20. e5 dxe5 21. Bxe5
Qa5 22. Ne4 Qb6 23. Qb2 Nxe4 24. Bxe4 Bf8 25. Bc3 Bc6 26. Qg2 Bxe4 27. Rxe4 Qb7
28. Rae1 f5  0-1

[Event "2. Bundesliga West 2018/19"]
[Site "Kufstein; NMS II, Sporthalle Fischergries"]
[Date "2019.02.09"]
[Round "7"]
[Board "5"]
[White "Steinbacher, Thomas"]
[Black "Mittelberger, Peter"]
[Result "0-1"]
[WhiteElo "2090"]
[BlackElo "2199"]
[PlyCount "44"]
[EventDate "2018.10.12"]
[EventType "team"]
[EventRounds "11"]
[EventCountry "AUT"]
[WhiteTeam "Kufstein/Woergl"]
[BlackTeam "Pradl"]

1. d4 d6 2. Nc3 g6 3. e4 Bg7 4. Be3 a6 5. a4 Nf6 6. Qd2 O-O 7. b3 Nc6 8. f4 e5
9. fxe5 dxe5 10. d5 Nd4 11. Nf3 Nxf3+ 12. gxf3 Nh5 13. Bg5 Qd6 14. Ne2 Bd7 15.
Bg2 f5 16. c4 b5 17. Qc3 bxc4 18. O-O fxe4 19. fxe4 Nf4 20. Nxf4 exf4 21. Qxc4
f3 22. Be3 Qg3  0-1

[Event "2. Bundesliga West 2018/19"]
[Site "Kufstein; NMS II, Sporthalle Fischergries"]
[Date "2019.02.09"]
[Round "7"]
[Board "6"]
[White "Nussbaumer, Leon"]
[Black "Maltsev, Oleg"]
[Result "1-0"]
[WhiteElo "1977"]
[BlackElo "2057"]
[PlyCount "117"]
[EventDate "2018.10.12"]
[EventType "team"]
[EventRounds "11"]
[EventCountry "AUT"]
[WhiteTeam "Pradl"]
[BlackTeam "Kufstein/Woergl"]

1. e4 {[%emt 0:00:00]} e6 {[%emt 0:00:02]} 2. d4 d5 3. Nd2 c5 4. exd5 Qxd5 5.
dxc5 Bxc5 6. Ngf3 Nf6 7. Bc4 Qd6 8. O-O O-O 9. Qe2 a6 {[%emt 0:00:00]} 10. Ne4
Nxe4 11. Qxe4 Nd7 12. Bf4 Qc6 13. Qxc6 bxc6 14. Rfd1 Nb6 15. Be2 Nd5 16. Bg3 a5
17. Ne5 Ne7 18. Bf3 Ra6 19. Rd2 f6 20. Nd3 Rd8 21. Bc7 Rd7 22. Nxc5 Rxd2 23.
Nxa6 Bxa6 24. Bxa5 Rxc2 25. Bc3 Nd5 26. Bd1 Rxc3 27. bxc3 Nxc3 28. Rc1 Nxa2 29.
Rxc6 Bd3 30. Bb3 Nb4 31. Bxe6+ Kf8 32. Rc7 Bg6 33. f4 h5 34. Kf2 Na6 35. Rc6
Bd3 36. Ke3 Ke7 37. f5 Bb5 38. Rc8 Be8 39. Kd4 Nb4 40. Rc7+ Kf8 41. Bd5 g6 42.
fxg6 Bxg6 43. Be4 Bf7 44. Rc8+ Kg7 45. Kc5 f5 46. Bxf5 Nd5 47. Ra8 Kf6 48. Be4
Nc7 49. Ra7 Ne6+ 50. Kd6 Ng7 51. Ra3 Kg5 52. Rg3+ Kh6 53. Ke7 Bg8 54. Rg6+ Kh7
55. Rf6+ Kh8 56. Rh6+ Bh7 57. Bxh7 h4 58. Kf7 Nf5 59. Bxf5#  1-0

[Event "2. Bundesliga West 2018/19"]
[Site "Kufstein; NMS II, Sporthalle Fischergries"]
[Date "2019.02.09"]
[Round "7"]
[Board "1"]
[White "Frank, Emanuel"]
[Black "Jedinger, Andreas"]
[Result "1-0"]
[WhiteElo "2175"]
[BlackElo "2108"]
[PlyCount "61"]
[EventDate "2018.10.12"]
[EventType "team"]
[EventRounds "11"]
[EventCountry "AUT"]
[WhiteTeam "ASK Salzburg"]
[BlackTeam "Rochade Rum"]

1. d4 Nf6 2. c4 g6 3. Nc3 Bg7 4. e4 d6 5. Nf3 O-O 6. Be2 e5 7. d5 a5 8. Bg5 h6
9. Bh4 Na6 10. Nd2 Bd7 11. b3 Qe8 12. a3 Nh7 13. O-O h5 14. f3 Bf6 15. Bf2 Qe7
16. b4 axb4 17. axb4 c5 18. dxc6 bxc6 19. b5 Nc5 20. Qc2 Bh4 21. g3 Bg5 22. Nb3
Nxb3 23. Qxb3 h4 24. b6 hxg3 25. hxg3 Be6 26. Ra7 Qd8 27. Rxa8 Qxa8 28. b7 Qb8
29. Ra1 Qc7 30. Ra8 Rb8 31. Ba7  1-0

[Event "2. Bundesliga West 2018/19"]
[Site "Kufstein; NMS II, Sporthalle Fischergries"]
[Date "2019.02.09"]
[Round "7"]
[Board "2"]
[White "Kapferer, Romed"]
[Black "Burschowsky, Matthias"]
[Result "1/2-1/2"]
[WhiteElo "2086"]
[BlackElo "2227"]
[PlyCount "77"]
[EventDate "2018.10.12"]
[EventType "team"]
[EventRounds "11"]
[EventCountry "AUT"]
[WhiteTeam "Rochade Rum"]
[BlackTeam "ASK Salzburg"]

1. e4 c5 2. Nc3 g6 3. f4 Bg7 4. Nf3 Nc6 5. Bb5 Nd4 6. O-O a6 7. Bd3 d6 8. Nxd4
cxd4 9. Ne2 Nf6 10. Kh1 O-O 11. Nxd4 Nxe4 12. Bxe4 Bxd4 13. Qf3 Rb8 14. c3 Bg7
15. f5 b5 16. d4 b4 17. Bd2 bxc3 18. Bxc3 Bd7 19. Rae1 Qb6 20. Qe3 Rbe8 21. h3
Qd8 22. Qg3 Bb5 23. Bd3 e6 24. fxe6 Rxe6 25. Bxb5 axb5 26. Rxe6 fxe6 27. Re1
Qd7 28. Qg4 Rf5 29. Qe4 Kf7 30. Kg1 d5 31. Qd3 Qd6 32. a3 Qb6 33. Kh1 g5 34.
Qe2 Bf6 35. Qh5+ Kg7 36. Qe8 Bxd4 37. Qxe6 Qxe6 38. Rxe6 Bxc3 39. bxc3  1/2-1/2

[Event "2. Bundesliga West 2018/19"]
[Site "Kufstein; NMS II, Sporthalle Fischergries"]
[Date "2019.02.09"]
[Round "7"]
[Board "3"]
[White "Juergens, Klaus"]
[Black "Berchtold, Clemens"]
[Result "1-0"]
[WhiteElo "2149"]
[BlackElo "2024"]
[PlyCount "55"]
[EventDate "2018.10.12"]
[EventType "team"]
[EventRounds "11"]
[EventCountry "AUT"]
[WhiteTeam "ASK Salzburg"]
[BlackTeam "Rochade Rum"]

1. Nf3 Nf6 2. c4 e6 3. g3 d5 4. b3 Be7 5. Bg2 O-O 6. O-O c6 7. Bb2 Nbd7 8. d3
b6 9. Nbd2 Bb7 10. Rc1 a5 11. cxd5 cxd5 12. Nd4 Rc8 13. N2f3 Rxc1 14. Qxc1 Qa8
15. Bh3 Re8 16. Nb5 Rc8 17. Qd2 Bf8 18. Nfd4 Ba6 19. Rc1 Rxc1+ 20. Qxc1 Qc8 21.
Nc7 Bb7 22. Ndb5 Ne8 23. Nxe6 fxe6 24. Bxe6+ Kh8 25. Qxc8 Bxc8 26. Na7 Nc7 27.
Bh3 Bd6 28. Nxc8  1-0

[Event "2. Bundesliga West 2018/19"]
[Site "Kufstein; NMS II, Sporthalle Fischergries"]
[Date "2019.02.09"]
[Round "7"]
[Board "4"]
[White "Muehlbacher, Bernhard"]
[Black "Scheiblmaier, Robert"]
[Result "1-0"]
[WhiteElo "2066"]
[BlackElo "2192"]
[PlyCount "95"]
[EventDate "2018.10.12"]
[EventType "team"]
[EventRounds "11"]
[EventCountry "AUT"]
[WhiteTeam "Rochade Rum"]
[BlackTeam "ASK Salzburg"]

1. c4 e6 2. g3 d5 3. Nf3 Nf6 4. Bg2 c5 5. cxd5 exd5 6. d4 Nc6 7. O-O Be7 8. Nc3
O-O 9. Bg5 cxd4 10. Nxd4 h6 11. Bc1 Bg4 12. h3 Be6 13. e3 Qd7 14. Kh2 Rac8 15.
Nce2 Rfd8 16. b3 Ne4 17. Bb2 Bf6 18. Rc1 Nxd4 19. Rxc8 Rxc8 20. Bxd4 Bxd4 21.
Nxd4 Qe7 22. Qd3 Rc3 23. Qb5 a6 24. Qa5 Qc7 25. Qa3 Bc8 26. Qb2 h5 27. Kg1 g6
28. Rd1 Ng5 29. h4 Ne4 30. Re1 Bd7 31. a4 b6 32. Rd1 a5 33. Re1 Kh7 34. Kh2 Kg8
35. Bf1 Rc5 36. Bd3 Rc3 37. Bb1 g5 38. Bxe4 dxe4 39. hxg5 Rc5 40. Qb1 Qe5 41.
b4 Rc4 42. bxa5 bxa5 43. Qb7 Bxa4 44. Qa8+ Be8 45. g6 fxg6 46. Rb1 Kh7 47. Rb7+
Rc7 48. Qb8  1-0

[Event "2. Bundesliga West 2018/19"]
[Site "Kufstein; NMS II, Sporthalle Fischergries"]
[Date "2019.02.09"]
[Round "7"]
[Board "5"]
[White "Herrmann, Michael"]
[Black "Babinetz, Rainer"]
[Result "1/2-1/2"]
[WhiteElo "2124"]
[BlackElo "1996"]
[PlyCount "81"]
[EventDate "2018.10.12"]
[EventType "team"]
[EventRounds "11"]
[EventCountry "AUT"]
[WhiteTeam "ASK Salzburg"]
[BlackTeam "Rochade Rum"]

1. c4 Nf6 2. g3 e5 3. Bg2 c6 4. d4 exd4 5. Qxd4 Bb4+ 6. Nc3 O-O 7. Bg5 Be7 8.
e4 d6 9. Nge2 Nbd7 10. O-O Qa5 11. Qd2 Re8 12. a3 Ne5 13. b3 h6 14. Nd5 Qxd2
15. Nxe7+ Rxe7 16. Bxd2 Bg4 17. Nd4 Bd7 18. Rad1 Rae8 19. h3 Ng6 20. Nf5 Re6
21. Kh2 d5 22. cxd5 cxd5 23. exd5 Ra6 24. Nd4 Rxa3 25. Ra1 Rxa1 26. Rxa1 a6 27.
Rc1 Rc8 28. Re1 Re8 29. Be3 Rc8 30. Bd2 Re8 31. Re3 Rxe3 32. fxe3 Ne8 33. e4
Ne5 34. Nf3 Nxf3+ 35. Bxf3 f6 36. Bf4 a5 37. Bd1 b5 38. Bc2 a4 39. bxa4 bxa4
40. Bd3 Kf7 41. Bc1  1/2-1/2

[Event "2. Bundesliga West 2018/19"]
[Site "Kufstein; NMS II, Sporthalle Fischergries"]
[Date "2019.02.09"]
[Round "7"]
[Board "6"]
[White "Ritzer, Franz"]
[Black "Wollrab, Richard"]
[Result "1-0"]
[WhiteElo "1822"]
[BlackElo "2145"]
[PlyCount "69"]
[EventDate "2018.10.12"]
[EventType "team"]
[EventRounds "11"]
[EventCountry "AUT"]
[WhiteTeam "Rochade Rum"]
[BlackTeam "ASK Salzburg"]

1. Nf3 Nf6 2. g3 c5 3. c4 Nc6 4. Nc3 g6 5. Bg2 Bg7 6. O-O d5 7. cxd5 Nxd5 8.
Qb3 Nxc3 9. dxc3 O-O 10. Rd1 Qc7 11. e4 Be6 12. Qc2 Rad8 13. Be3 b6 14. b3 h6
15. h3 Kh7 16. Rac1 Rxd1+ 17. Rxd1 Rd8 18. Rxd8 Qxd8 19. Ne1 Qd7 20. Kh2 Qc8
21. Nd3 c4 22. Ne1 cxb3 23. axb3 Qa6 24. f4 Qa3 25. c4 Na5 26. f5 Bxc4 27.
fxg6+ fxg6 28. bxc4 Qxe3 29. Nd3 Bd4 30. h4 Nb7 31. h5 Nc5 32. hxg6+ Kg7 33.
Nf4 e5 34. Nd5 Nd3 35. Nxe3  1-0

[Event "2. Bundesliga West 2018/19"]
[Site "Kufstein; NMS II, Sporthalle Fischergries"]
[Date "2019.02.09"]
[Round "7"]
[Board "1"]
[White "Henrichs, Thomas"]
[Black "Rotstein, Arkadij"]
[Result "1-0"]
[WhiteElo "2469"]
[BlackElo "2481"]
[PlyCount "49"]
[EventDate "2018.10.12"]
[EventType "team"]
[EventRounds "11"]
[EventCountry "AUT"]
[WhiteTeam "Hohenems II"]
[BlackTeam "Absam"]

1. e4 c5 2. Nf3 e6 3. d4 cxd4 4. Nxd4 Nf6 5. Nc3 d6 6. Be3 a6 7. f3 b5 8. Qd2
Bb7 9. g4 Be7 10. O-O-O Nc6 11. Nxc6 Bxc6 12. g5 Nd7 13. Ne2 O-O 14. Nd4 Bb7
15. Kb1 Ne5 16. h4 d5 17. Qh2 dxe4 18. Bh3 Nc4 19. Nxe6 Qa5 20. Bd4 fxe6 21.
Bxe6+ Kh8 22. h5 h6 23. gxh6 Bf6 24. Qg3 gxh6 25. Rdg1  1-0

[Event "2. Bundesliga West 2018/19"]
[Site "Kufstein; NMS II, Sporthalle Fischergries"]
[Date "2019.02.09"]
[Round "7"]
[Board "2"]
[White "Lehner, Oliver"]
[Black "Baldauf, Marco"]
[Result "1-0"]
[WhiteElo "2399"]
[BlackElo "2472"]
[PlyCount "137"]
[EventDate "2018.10.12"]
[EventType "team"]
[EventRounds "11"]
[EventCountry "AUT"]
[WhiteTeam "Absam"]
[BlackTeam "Hohenems II"]

1. e4 c6 2. d4 d5 3. Nd2 dxe4 4. Nxe4 Bf5 5. Ng3 Bg6 6. h4 h6 7. Nf3 Nd7 8. h5
Bh7 9. Bd3 Bxd3 10. Qxd3 e6 11. Bd2 Ngf6 12. O-O-O Be7 13. Kb1 Qb6 14. Be3 Nd5
15. c4 Nxe3 16. Qxe3 O-O 17. Ne4 c5 18. d5 exd5 19. Rxd5 Nf6 20. Nc3 Rfe8 21.
Rd2 Bd6 22. Qd3 Bf4 23. Re2 Rxe2 24. Nxe2 Rd8 25. Qf5 Bc7 26. Nc3 Qb4 27. Rh4
Bd6 28. a3 Qb6 29. g4 Qc6 30. g5 hxg5 31. Nxg5 Qd7 32. Qxd7 Rxd7 33. Nf3 Kh7
34. Rh1 Kh6 35. Kc2 Bb8 36. Rg1 Nxh5 37. Re1 Nf6 38. Rh1+ Kg6 39. Rg1+ Kh7 40.
Rg5 b6 41. b4 cxb4 42. axb4 g6 43. Rg1 Bd6 44. Kb3 a5 45. bxa5 bxa5 46. Rd1 Kg7
47. Ka4 Rc7 48. Nd2 Rc5 49. Kb3 Rf5 50. f3 Bb4 51. Rf1 Nd7 52. Nde4 Ne5 53. f4
Nc6 54. Nd5 Rh5 55. Ka4 Bf8 56. Nef6 Rh3 57. Kb5 Nd4+ 58. Kxa5 Bc5 59. Ka6 Ra3+
60. Kb7 Ra7+ 61. Kc8 Ra8+ 62. Kb7 Ra7+ 63. Kc8 Ra6 64. Nc7 Rc6 65. Nfe8+ Kg8
66. Kd7 Kf8 67. Nd5 f5 68. Rh1 Ne2 69. Kxc6  1-0

[Event "2. Bundesliga West 2018/19"]
[Site "Kufstein; NMS II, Sporthalle Fischergries"]
[Date "2019.02.09"]
[Round "7"]
[Board "3"]
[White "Froewis, Georg"]
[Black "Weinzettl, Ernst"]
[Result "1-0"]
[WhiteElo "2419"]
[BlackElo "2220"]
[PlyCount "70"]
[EventDate "2018.10.12"]
[EventType "team"]
[EventRounds "11"]
[EventCountry "AUT"]
[WhiteTeam "Hohenems II"]
[BlackTeam "Absam"]

1. Nf3 Nf6 2. g3 d5 3. Bg2 c5 4. O-O Nc6 5. d4 e6 6. c4 Be7 7. cxd5 exd5 8.
dxc5 Bxc5 9. a3 O-O 10. b4 Be7 11. Bb2 Ne4 12. Nc3 Bf6 13. Qc1 Bf5 14. Rd1 Nxc3
15. Bxc3 Be4 16. Bxf6 Qxf6 17. Qg5 Qb2 18. Qd2 Qb3 19. Nd4 Nxd4 20. Qxd4 Bxg2
21. Kxg2 a5 22. Qxd5 Qxd5+ 23. Rxd5 axb4 24. a4 Rfe8 25. e3 Re4 26. Rb5 h6 27.
Rxb7 Ra5 28. Rc1 Rxa4 29. Rc8+ Kh7 30. Rxf7 Ra2 31. Rcc7 Rg4 32. Rb7 Rb2 33. h4
h5 34. Rf5 Kh6 35. Rb6+ g6  1-0

[Event "2. Bundesliga West 2018/19"]
[Site "Kufstein; NMS II, Sporthalle Fischergries"]
[Date "2019.02.09"]
[Round "7"]
[Board "4"]
[White "Deglmann, Ludwig"]
[Black "Berchtenbreiter, Maximilian"]
[Result "0-1"]
[WhiteElo "2270"]
[BlackElo "2426"]
[PlyCount "44"]
[EventDate "2018.10.12"]
[EventType "team"]
[EventRounds "11"]
[EventCountry "AUT"]
[WhiteTeam "Absam"]
[BlackTeam "Hohenems II"]

1. f4 e5 2. fxe5 d6 3. exd6 Bxd6 4. Nf3 g5 5. g3 g4 6. Nh4 Ne7 7. Nc3 Ng6 8.
Nxg6 hxg6 9. Ne4 f5 10. Nxd6+ Qxd6 11. d3 Bd7 12. Qd2 Bc6 13. Qc3 Rh5 14. Bf4
Qe6 15. e4 Nd7 16. O-O-O O-O-O 17. d4 fxe4 18. Bc4 Qf6 19. Rhf1 Qg7 20. Be6 Re8
21. Bxg4 Rxh2 22. Qb3 b6  0-1

[Event "2. Bundesliga West 2018/19"]
[Site "Kufstein; NMS II, Sporthalle Fischergries"]
[Date "2019.02.09"]
[Round "7"]
[Board "5"]
[White "Hofer, Emilian"]
[Black "De Francesco, Klaus"]
[Result "0-1"]
[WhiteElo "2208"]
[BlackElo "2288"]
[PlyCount "112"]
[EventDate "2018.10.12"]
[EventType "team"]
[EventRounds "11"]
[EventCountry "AUT"]
[WhiteTeam "Hohenems II"]
[BlackTeam "Absam"]

1. e4 e6 2. d4 d5 3. Nd2 Nf6 4. e5 Nfd7 5. c3 c5 6. Bd3 b6 7. Ne2 Ba6 8. Bc2
Nc6 9. Nf3 Rc8 10. O-O cxd4 11. cxd4 Nb4 12. Bb3 Nd3 13. Bc2 Nxc1 14. Rxc1 Be7
15. Bd3 Rxc1 16. Nxc1 Qc8 17. Qe2 Bxd3 18. Qxd3 O-O 19. Ne2 Qb7 20. Rc1 Rc8 21.
Rc2 Nb8 22. Rxc8+ Qxc8 23. Qc3 Qxc3 24. Nxc3 Nc6 25. Kf1 f6 26. Ke2 fxe5 27.
dxe5 h6 28. Nd1 Bd8 29. Ke3 b5 30. h4 Bb6+ 31. Kf4 Nb4 32. Ne1 Nxa2 33. Nd3 a5
34. Ne3 Kf7 35. Nc2 b4 36. Kf3 b3 37. Na3 Bd8 38. g3 Be7 39. Nb5 Nb4 40. Ke2
Nc2 41. h5 a4 42. Kd2 g6 43. g4 gxh5 44. gxh5 Ke8 45. f4 Kd7 46. Nc3 a3 47.
bxa3 Nxa3 48. Na4 Kc6 49. Kc3 Nb5+ 50. Kxb3 Nd4+ 51. Kb2 Ne2 52. Nc3 Ng3 53.
Kc2 Nxh5 54. Ne2 Bc5 55. Nxc5 Kxc5 56. Kd3 Ng3  0-1

[Event "2. Bundesliga West 2018/19"]
[Site "Kufstein; NMS II, Sporthalle Fischergries"]
[Date "2019.02.09"]
[Round "7"]
[Board "1"]
[White "Repka, Christopher"]
[Black "Fedorovsky, Michael"]
[Result "1/2-1/2"]
[WhiteElo "2523"]
[BlackElo "2481"]
[PlyCount "76"]
[EventDate "2018.10.12"]
[EventType "team"]
[EventRounds "11"]
[EventCountry "AUT"]
[WhiteTeam "Bregenz"]
[BlackTeam "Jenbach 2"]

1. c4 e6 2. g3 Nf6 3. Bg2 d5 4. Nf3 dxc4 5. Qa4+ Bd7 6. Qxc4 c5 7. Ne5 Qc8 8.
b3 Nc6 9. Nxd7 Qxd7 10. Bb2 Be7 11. Nc3 O-O 12. Ne4 Nxe4 13. Qxe4 Rac8 14. Rd1
b6 15. O-O f5 16. Qa4 Bf6 17. Bxf6 Rxf6 18. b4 Rf7 19. bxc5 Nd4 20. Qa6 Rxc5
21. Rc1 Qb5 22. Qxb5 Rxb5 23. Rfe1 Rb2 24. e3 Nc2 25. Red1 Rd7 26. d4 Nb4 27.
a3 Nd5 28. Rc6 Kf7 29. Rdc1 Ke7 30. h4 Ra2 31. Bxd5 Rxd5 32. Rc7+ Rd7 33. R1c3
g6 34. Kg2 h6 35. Rc8 Rd8 36. R8c7+ Rd7 37. Rc8 Rd8 38. R8c7+ Rd7  1/2-1/2

[Event "2. Bundesliga West 2018/19"]
[Site "Kufstein; NMS II, Sporthalle Fischergries"]
[Date "2019.02.09"]
[Round "7"]
[Board "2"]
[White "Reich, Thomas"]
[Black "Sergeev, Vladimir"]
[Result "1-0"]
[WhiteElo "2360"]
[BlackElo "2412"]
[PlyCount "115"]
[EventDate "2018.10.12"]
[EventType "team"]
[EventRounds "11"]
[EventCountry "AUT"]
[WhiteTeam "Jenbach 2"]
[BlackTeam "Bregenz"]

1. d4 Nf6 2. c4 e6 3. Nf3 b6 4. Bf4 Bb7 5. e3 Bb4+ 6. Nfd2 O-O 7. a3 Be7 8. Nc3
d6 9. Qc2 Nbd7 10. O-O-O c5 11. d5 exd5 12. cxd5 a6 13. Nde4 Ne8 14. h4 b5 15.
Ng5 Nef6 16. Bd3 h6 17. Bh7+ Kh8 18. Nce4 Qc7 19. Bf5 Nxe4 20. Bxe4 Nf6 21. Bf3
c4 22. e4 Rad8 23. Bd2 Nd7 24. e5 Bxg5 25. hxg5 Nxe5 26. gxh6 g6 27. Be2 Kh7
28. f4 Nd7 29. Bf3 Nc5 30. Kb1 f5 31. Qc3 Rf7 32. g4 Na4 33. Qd4 Qc5 34. Qxc5
Nxc5 35. gxf5 Rxf5 36. Rde1 Rf7 37. f5 gxf5 38. Bh5 Rfd7 39. Reg1 Rg8 40. Rxg8
Kxg8 41. Rg1+ Kf8 42. Bc3 Rh7 43. Bg7+ Ke7 44. Re1+ Ne4 45. Bg6 Rxh6 46. Bxf5
Rh5 47. Bxe4 Kf7 48. Rg1 Ke7 49. Rd1 Bc8 50. Rf1 Bg4 51. Kc2 Rh2+ 52. Kc3 Re2
53. Rf4 Bh3 54. Kb4 Bg2 55. Bxg2 Rxg2 56. Bc3 Kd7 57. Ka5 Rg5 58. Rd4  1-0

[Event "2. Bundesliga West 2018/19"]
[Site "Kufstein; NMS II, Sporthalle Fischergries"]
[Date "2019.02.09"]
[Round "7"]
[Board "3"]
[White "Dobosz, Henryk"]
[Black "Micheli, Carlo"]
[Result "1/2-1/2"]
[WhiteElo "2399"]
[BlackElo "2211"]
[PlyCount "73"]
[EventDate "2018.10.12"]
[EventType "team"]
[EventRounds "11"]
[EventCountry "AUT"]
[WhiteTeam "Bregenz"]
[BlackTeam "Jenbach 2"]

1. d4 Nf6 2. c4 g6 3. Nc3 Bg7 4. e4 d6 5. h3 c5 6. d5 O-O 7. Bd3 e6 8. Nf3 exd5
9. cxd5 a6 10. a4 Nbd7 11. O-O Re8 12. Re1 Qc7 13. Bf4 Nh5 14. Bh2 Ne5 15. Be2
Nxf3+ 16. Bxf3 Nf6 17. e5 dxe5 18. d6 Qb6 19. Bxe5 Be6 20. a5 Qa7 21. Qa4 Rad8
22. Bxf6 Bxf6 23. Nd5 Bd4 24. Nc7 Rf8 25. Nxe6 fxe6 26. Rxe6 b5 27. axb6 Qxb6
28. Qc4 Kh8 29. Rxa6 Qxb2 30. Qe2 Qc1+ 31. Qe1 Qg5 32. Qe4 Qc1+ 33. Qe1 Qg5 34.
Qe2 Qc1+ 35. Qf1 Qg5 36. Qe2 Qc1+ 37. Qe1  1/2-1/2

[Event "2. Bundesliga West 2018/19"]
[Site "Kufstein; NMS II, Sporthalle Fischergries"]
[Date "2019.02.09"]
[Round "7"]
[Board "4"]
[White "Fuchs, Georg"]
[Black "Hess, Max"]
[Result "1/2-1/2"]
[WhiteElo "2210"]
[BlackElo "2326"]
[PlyCount "66"]
[EventDate "2018.10.12"]
[EventType "team"]
[EventRounds "11"]
[EventCountry "AUT"]
[WhiteTeam "Jenbach 2"]
[BlackTeam "Bregenz"]

1. e4 c5 2. Nf3 e6 3. d4 cxd4 4. Nxd4 Nc6 5. c4 Nf6 6. Nc3 Bb4 7. f3 O-O 8. a3
Bxc3+ 9. bxc3 d5 10. Nxc6 bxc6 11. Qc2 dxe4 12. fxe4 Qa5 13. Bd3 Ba6 14. Rb1
Rfd8 15. Rb4 Ng4 16. Be2 Qh5 17. Ra4 Bc8 18. Bxg4 Qxg4 19. O-O a6 20. c5 e5 21.
Rb4 Be6 22. Be3 Rd7 23. h3 Qg6 24. Kh2 Rad8 25. Qe2 h5 26. Qxa6 Rd3 27. Rf3 Bg4
28. Rg3 Rxe3 29. Rxe3 Qg5 30. Rd3 Qf4+ 31. Kg1 Qc1+ 32. Kh2 Qf4+ 33. Kg1 Qc1+
 1/2-1/2

[Event "2. Bundesliga West 2018/19"]
[Site "Kufstein; NMS II, Sporthalle Fischergries"]
[Date "2019.02.09"]
[Round "7"]
[Board "5"]
[White "Bezler, Rainer"]
[Black "Heinrich, Thomas"]
[Result "1/2-1/2"]
[WhiteElo "2207"]
[BlackElo "2144"]
[PlyCount "60"]
[EventDate "2018.10.12"]
[EventType "team"]
[EventRounds "11"]
[EventCountry "AUT"]
[WhiteTeam "Bregenz"]
[BlackTeam "Jenbach 2"]

1. d4 d5 2. c4 e6 3. Nf3 Nf6 4. g3 c6 5. Bg2 Bb4+ 6. Bd2 Be7 7. Qc2 O-O 8. O-O
Nbd7 9. Bf4 Nh5 10. Bc1 Nhf6 11. Rd1 b6 12. Nc3 Bb7 13. Ne5 Nxe5 14. dxe5 Ng4
15. cxd5 cxd5 16. Qa4 Nxe5 17. e4 Bc6 18. Qb3 d4 19. Ne2 Qe8 20. a4 d3 21. Nd4
Rd8 22. Nxc6 Qxc6 23. Bf4 Qc4 24. Qb5 Bf6 25. Bxe5 Qxb5 26. axb5 Bxe5 27. Rxa7
Bxb2 28. Ra2 Bd4 29. Bf1 Bc5 30. Rxd3 Rxd3  1/2-1/2

[Event "2. Bundesliga West 2018/19"]
[Site "Kufstein; NMS II, Sporthalle Fischergries"]
[Date "2019.02.09"]
[Round "7"]
[Board "6"]
[White "Gruber, Michael"]
[Black "Ciolek, Andreas"]
[Result "1/2-1/2"]
[WhiteElo "2124"]
[BlackElo "2247"]
[PlyCount "62"]
[EventDate "2018.10.12"]
[EventType "team"]
[EventRounds "11"]
[EventCountry "AUT"]
[WhiteTeam "Jenbach 2"]
[BlackTeam "Bregenz"]

1. e4 c5 2. Nf3 d6 3. Bb5+ Bd7 4. Bxd7+ Nxd7 5. O-O Ngf6 6. Qe2 Rc8 7. c4 g6 8.
Nc3 Bg7 9. d4 cxd4 10. Nxd4 O-O 11. b3 a6 12. Bb2 Qa5 13. Rac1 Rfe8 14. Nd5
Nxd5 15. exd5 Nf8 16. Bc3 Qc5 17. Qd3 e5 18. dxe6 Nxe6 19. Nxe6 Rxe6 20. Bxg7
Kxg7 21. Qc3+ Kg8 22. Rfe1 Rce8 23. Rxe6 Rxe6 24. Re1 Rxe1+ 25. Qxe1 Qd4 26. g3
Qb2 27. Qb4 Qb1+ 28. Kg2 Qe4+ 29. Kg1 Qb1+ 30. Kg2 Qe4+ 31. Kg1 Qb1+  1/2-1/2